[Event "Novokuznetsk SFO-ch U15"]
[Site "Novokuznetsk"]
[Date "2014.11.07"]
[Round "6"]
[White "Pavlutskiy, Andrey"]
[Black "Balaba, Danil"]
[Result "0-1"]
[WhiteElo "800"]
[BlackElo "800"]
[PlyCount "76"]
[EventDate "2014.11.02"]
[EventType "swiss"]
[EventRounds "9"]
[EventCountry "RUS"]
[SourceTitle "CBM 163 Extra"]
[Source "ChessBase"]
[SourceDate "2014.12.23"]
[SourceVersion "1"]
[SourceVersionDate "2014.12.23"]
[SourceQuality "1"]

1. e4 e6 2. d4 d5 3. e5 c5 4. c3 Nc6 5. Nf3 f6 6. Be2 cxd4 7. cxd4 fxe5 8. dxe5 Bb4+ 9. Bd2 Bxd2+ 10. Nbxd2 Nge7 11. 0-0 Ng6 12. Re1 0-0 13. Bd3 Nf4 14. Bc2 Nb4 15. Qb1 Nxc2 16. Qxc2 Bd7 17. g3 Nh3+ 18. Kg2 Ng5 19. Nd4 Qb6 20. N2b3 Rac8 21. Qd3 Ba4 22. f4 Ne4 23. Re2 Rc4 24. Nf3 Bb5 25. Nbd4 Rxd4 26. Qxd4 Bxe2 27. Qxb6 axb6 28. Nd4 Bd3 29. Nxe6 Rc8 30. Nd4 Rc4 31. Nf3 Rc2+ 32. Kh3 Nf2+ 33. Kh4 Be4 34. Ng5 Bf5 35. Rg1 Ne4 36. Nf3 Rc6 37. e6 Rxe6 38. g4 Rh6# 0-1